| 000 | 00420nam a22001457a 4500 | ||
|---|---|---|---|
| 003 | OSt | ||
| 005 | 20240403125845.0 | ||
| 008 | 240403b |||||||| |||| 00| 0 eng d | ||
| 040 | _cCentral Library MRSPTU | ||
| 100 | _aHoly Faith International (P) Ltd | ||
| 245 |
_aWorldwise Encyclopedia _bA rapid fact-finder for everyone |
||
| 260 |
_aNew Delhi _bHoly Faith International (P) Ltd |
||
| 300 | _a1284 | ||
| 942 |
_2ddc _cBK _n0 |
||
| 999 |
_c9970 _d9970 |
||